Strategies for teaching : (Record no. 18021)
[ view plain ]
| 000 -LEADER | |
|---|---|
| fixed length control field | 00587nam a22002417a 4500 |
| 003 - CONTROL NUMBER IDENTIFIER | |
| control field | OSt |
| 005 - DATE AND TIME OF LATEST TRANSACTION | |
| control field | 20140310182957.0 |
| 008 - FIXED-LENGTH DATA ELEMENTS--GENERAL INFORMATION | |
| fixed length control field | 130207t xxu||||| |||| 00| 0 eng d |
| 020 ## - INTERNATIONAL STANDARD BOOK NUMBER | |
| International Standard Book Number | 9712328597 |
| 050 ## - LIBRARY OF CONGRESS CALL NUMBER | |
| Classification number | LB 1025.2 |
| Item number | .B636 2000 |
| 100 ## - MAIN ENTRY--PERSONAL NAME | |
| Personal name | Boiser-Castillon, Diosdada |
| 245 ## - TITLE STATEMENT | |
| Title | Strategies for teaching : |
| Statement of responsibility, etc | a modular approach. |
| 260 ## - PUBLICATION, DISTRIBUTION, ETC. (IMPRINT) | |
| Place of publication, distribution, etc | Manila : |
| Name of publisher, distributor, etc | Rex Book Store, |
| Date of publication, distribution, etc | 2000. |
| 300 ## - PHYSICAL DESCRIPTION | |
| Extent | 177 p. : |
| Dimensions | 22 cm. |
| 521 ## - TARGET AUDIENCE NOTE | |
| Target audience note | |
| 562 ## - COPY AND VERSION IDENTIFICATION NOTE | |
| Number of copies | 5 |
| 942 ## - ADDED ENTRY ELEMENTS (KOHA) | |
| Source of classification or shelving scheme | Library of Congress Classification |
| Koha item type | Books |
| Call number prefix | Local |
| Withdrawn status | Lost status | Source of classification or shelving scheme | Damaged status | Home library | Current library | Shelving location | Date acquired | Source of acquisition | Total Checkouts | Full call number | Barcode | Date last seen | Copy number | Price effective from | Koha item type |
|---|---|---|---|---|---|---|---|---|---|---|---|---|---|---|---|
| Library of Congress Classification | Archives | Archives | 02/07/2013 | Donation | LB 1025.2 .B636 2000 | C5471 | 05/08/2018 | 1 | 02/07/2013 | Books | |||||
| Library of Congress Classification | Archives | Archives | 11/27/2013 | Donation | LB 1025.2 .B636 2000 | C6707 | 05/08/2018 | 3 | 11/27/2013 | Books | |||||
| Library of Congress Classification | Archives | Archives | 11/27/2013 | Donation | LB 1025.2 .B636 2000 | C6708 | 05/08/2018 | 4 | 11/27/2013 | Books | |||||
| Library of Congress Classification | College Library | College Library | Filipiniana Section | 11/27/2013 | Library Fund | LB 1025.2 .B636 2000 | C5470 | 05/08/2018 | 2 | 11/27/2013 | Books | ||||
| Library of Congress Classification | College Library | College Library | Filipiniana Section | 11/27/2013 | Library Fund | LB 1025.2 .B636 2000 | C0588 | 05/08/2018 | 5 | 11/27/2013 | Books |